Home Print Resources E-Books E-Journals IIMT Lecture Series Library Membership Form Book Recommendation Form Campus Tour Take AdmissionAbout Us Contact Us

COMMUNICATIVE ENGLISH FOR PROFESSIONAL NURSES (Record no. 66017)

000 -LEADER
fixed length control field 00373nam a22001457a 4500
008 - FIXED-LENGTH DATA ELEMENTS--GENERAL INFORMATION
fixed length control field 250826b |||||||| |||| 00| 0 eng d
020 ## - ISBN
International Standard Book Number 9789395736541
Discounted Price 625
040 ## - CATALOGING SOURCE
Original cataloging agency IIMT University College of Nursing (073)
082 ## - DDC NUMBER
Classification number 610. DAV
100 ## - MAIN ENTRY--PERSONAL NAME
Personal name DAVID T. MARY
245 ## - TITLE STATEMENT
Title COMMUNICATIVE ENGLISH FOR PROFESSIONAL NURSES
260 ## - PUBLICATION, DISTRIBUTION, ETC. (IMPRINT)
Place of publication, distribution, etc WOLTERS KLUWER
Name of publisher, distributor, etc KIRTI PRAKASHAN
Date of publication, distribution, etc DELHI
300 ## - PHYSICAL DESCRIPTION
Pages 298
942 ## - ADDED ENTRY ELEMENTS (KOHA)
Koha item type Book Bank
952 ## - LOCATION AND ITEM INFORMATION (KOHA)
-- 2025-08-26
952 ## - LOCATION AND ITEM INFORMATION (KOHA)
-- 2025-09-01
-- 2025-08-26
952 ## - LOCATION AND ITEM INFORMATION (KOHA)
-- 2025-09-02
-- 2025-08-26
952 ## - LOCATION AND ITEM INFORMATION (KOHA)
-- 2025-08-30
-- 2025-08-26
952 ## - LOCATION AND ITEM INFORMATION (KOHA)
-- 2025-08-30
-- 2025-08-26
952 ## - LOCATION AND ITEM INFORMATION (KOHA)
-- 2025-09-01
-- 2025-08-26
952 ## - LOCATION AND ITEM INFORMATION (KOHA)
-- 2025-09-02
-- 2025-08-26
952 ## - LOCATION AND ITEM INFORMATION (KOHA)
-- 2025-09-02
-- 2025-08-26
952 ## - LOCATION AND ITEM INFORMATION (KOHA)
-- 2025-09-16
-- 2025-08-26
952 ## - LOCATION AND ITEM INFORMATION (KOHA)
-- 2027-03-31
-- 2025-09-16
-- 2025-08-26
Holdings
Withdrawn status Lost status Source of classification or shelving scheme Damaged status Not for loan Location (home branch) Sublocation or collection (holding branch) Date acquired Source of Acquisition Cost Normal purchase price Koha issues (times borrowed) Koha full call number Accession No. Koha date last seen Koha item type
          IIMT University College of Nursing (073) IIMT University College of Nursing (073) 08/26/2025 KIRTI PRAKASHAN 625.00   610. DAV 03-B-7216 08/27/2025 Book Bank
          IIMT University College of Nursing (073) IIMT University College of Nursing (073) 08/26/2025 KIRTI PRAKASHAN 625.00 2 610. DAV 03-B-7217 02/09/2026 Book Bank
          IIMT University College of Nursing (073) IIMT University College of Nursing (073) 08/26/2025 KIRTI PRAKASHAN 625.00 1 610. DAV 03-B-7218 02/14/2026 Book Bank
          IIMT University College of Nursing (073) IIMT University College of Nursing (073) 08/26/2025 KIRTI PRAKASHAN 625.00 1 610. DAV 03-B-7219 02/10/2026 Book Bank
          IIMT University College of Nursing (073) IIMT University College of Nursing (073) 08/26/2025 KIRTI PRAKASHAN 625.00 1 610. DAV 03-B-7220 02/17/2026 Book Bank
          IIMT University College of Nursing (073) IIMT University College of Nursing (073) 08/26/2025 KIRTI PRAKASHAN 625.00 1 610. DAV 03-B-7221 02/11/2026 Book Bank
          IIMT University College of Nursing (073) IIMT University College of Nursing (073) 08/26/2025 KIRTI PRAKASHAN 625.00 1 610. DAV 03-B-7222 02/18/2026 Book Bank
          IIMT University College of Nursing (073) IIMT University College of Nursing (073) 08/26/2025 KIRTI PRAKASHAN 625.00 1 610. DAV 03-B-7223 03/25/2026 Book Bank
          IIMT University College of Nursing (073) IIMT University College of Nursing (073) 08/26/2025 KIRTI PRAKASHAN 625.00 1 610. DAV 03-B-7224 02/25/2026 Book Bank
          IIMT University College of Nursing (073) IIMT University College of Nursing (073) 08/26/2025 KIRTI PRAKASHAN 625.00 1 610. DAV 03-B-7225 09/16/2025 Book Bank
IIMT, Central Library. All Rights Reserved IIMT,UNIVERSITY © 2023
Implemented and Customised by I CLOUDE EMS
You Are OPAC Visitor No
free web counter

Powered by Koha